[Event "UKR-ch Blitz 92nd"]
[Site "Lvov"]
[Date "2024.12.22"]
[Round "11"]
[White "Dyachuk, Artem"]
[Black "Laptii, Nazar"]
[Result "1-0"]
[WhiteElo "2274"]
[BlackElo "2283"]
[PlyCount "145"]
[EventDate "2024.12.22"]
[EventType "swiss (blitz)"]
[EventRounds "11"]
[EventCountry "UKR"]
[SourceTitle "CB52_2024"]
[SourceDate "2024.12.25"]
[SourceVersion "1"]
[SourceVersionDate "2024.12.25"]
[SourceQuality "1"]

1. e4 g6 2. d4 Bg7 3. Nc3 d6 4. Nf3 a6 5. Be3 b5 6. Qd2 Bb7 7. Bd3 Nf6 8. Bh6 Bxh6 9. Qxh6 b4 10. Nd5 Nxd5 11. exd5 Bxd5 12. Qg7 Kd7 13. 0-0 Qf8 14. Qxf8 Rxf8 15. Nd2 Nc6 16. c4 bxc3 17. bxc3 Na5 18. c4 Bb7 19. Rfe1 e6 20. Re3 Rab8 21. Rae1 Nc6 22. Nb3 e5 23. d5 Ne7 24. f4 f6 25. Rh3 h5 26. f5 gxf5 27. Rxh5 Rh8 28. Bxf5+ Nxf5 29. Rxf5 Ke7 30. Ref1 Rh6 31. R5f3 Ba8 32. Rg3 Kf7 33. Nd2 Rb4 34. Ra3 Rb6 35. Ne4 Kg7 36. Rg3+ Rg6 37. Nxf6 Rxg3 38. hxg3 Rb4 39. Ne8+ Kg6 40. Nxc7 Bb7 41. Ne8 Rxc4 42. Nxd6 Rc7 43. Nxb7 Rxb7 44. Rc1 a5 45. Rc8 Rd7 46. Rc5 a4 47. Ra5 Kf5 48. Rxa4 Rxd5 49. g4+ Kg5 50. Re4 Ra5 51. a4 Kf6 52. Kh2 Rc5 53. Kh3 Rc2 54. Rb4 Ra2 55. Kg3 Ra3+ 56. Kh4 Ra2 57. Rb6+ Kf7 58. Kg5 Rxa4 59. Rb7+ Ke6 60. Kh5 Ra2 61. g3 e4 62. Rb8 Rh2+ 63. Kg6 Ke5 64. Re8+ Kd4 65. g5 Rg2 66. Kf5 e3 67. Kf4 Rf2+ 68. Kg4 e2 69. g6 Rf6 70. Kg5 Rf3 71. Rxe2 Rxg3+ 72. Kf6 Rf3+ 73. Kg7 1-0

[Event "Titled Tuesday intern op 13th Aug Early"]
[Site "Chess.com INT"]
[Date "2024.08.13"]
[Round "4"]
[White "Durarbayli, Vasif"]
[Black "Laptii, Nazar"]
[Result "1-0"]
[WhiteElo "2626"]
[BlackElo "2283"]
[PlyCount "67"]
[EventDate "2024.08.13"]
[EventType "swiss (blitz)"]
[EventRounds "11"]
[EventCountry "USA"]
[SourceTitle "EXT 2025"]
[Source "ChessBase"]
[SourceDate "2024.10.14"]
[SourceVersion "1"]
[SourceVersionDate "2024.10.14"]
[SourceQuality "1"]

1. e4 e6 2. d4 d5 3. e5 c5 4. c3 Nc6 5. Nf3 Qb6 6. Be2 Nh6 7. Bxh6 gxh6 8. Qd2 Bd7 9. 0-0 Bg7 10. Na3 a6 11. Nc2 cxd4 12. cxd4 0-0-0 13. b4 Ne7 14. a4 Kb8 15. a5 Qc7 16. b5 Bxb5 17. Bxb5 axb5 18. Rfb1 Nc6 19. Rxb5 Ka7 20. Na3 Bf8 21. Rc5 Qd7 22. Nb5+ Ka8 23. Rc2 Be7 24. Rb2 h5 25. Ne1 f6 26. Nd3 fxe5 27. Nxe5 Nxe5 28. dxe5 Rc8 29. Rab1 Rc6 30. Nd4 Rc7 31. a6 bxa6 32. Rb6 Qc8 33. Nxe6 Rc6 34. Qxd5 1-0

[Event "Titled Tuesday intern op 13th Aug Early"]
[Site "Chess.com INT"]
[Date "2024.08.13"]
[Round "8"]
[White "Laptii, Nazar"]
[Black "Rom, Jasper B"]
[Result "1-0"]
[WhiteElo "2283"]
[BlackElo "2178"]
[PlyCount "75"]
[EventDate "2024.08.13"]
[EventType "swiss (blitz)"]
[EventRounds "11"]
[EventCountry "USA"]
[SourceTitle "EXT 2025"]
[Source "ChessBase"]
[SourceDate "2024.10.14"]
[SourceVersion "1"]
[SourceVersionDate "2024.10.14"]
[SourceQuality "1"]

1. e4 c6 2. d4 d5 3. exd5 cxd5 4. Bd3 Nc6 5. c3 e5 6. dxe5 Nxe5 7. Qe2 Qe7 8. Bb5+ Nc6 9. Qxe7+ Bxe7 10. Bf4 Nf6 11. Nf3 0-0 12. 0-0 Bf5 13. Nbd2 a6 14. Be2 Rfe8 15. Rfe1 Bc5 16. Bf1 Ne4 17. Be3 Bd6 18. Nb3 Rad8 19. h3 h6 20. Nfd4 Bd7 21. Nxc6 Bxc6 22. Nd4 Bd7 23. g3 Re7 24. Bg2 Rde8 25. Rad1 Nxg3 26. Bxd5 Nh5 27. Bxb7 Bxh3 28. Bc6 Rb8 29. Bf3 Nf6 30. Nc6 Rxb2 31. Rxd6 Rc7 32. Rd2 Rb5 33. c4 Rbb7 34. c5 Rb5 35. a4 Rb3 36. Nd4 Ra3 37. c6 Kh7 38. Bf4 1-0

[Event "Titled Tuesday intern op 13th Aug Early"]
[Site "Chess.com INT"]
[Date "2024.08.13"]
[Round "9"]
[White "Weetik, Vjacheslav"]
[Black "Laptii, Nazar"]
[Result "1-0"]
[WhiteElo "2423"]
[BlackElo "2283"]
[PlyCount "65"]
[EventDate "2024.08.13"]
[EventType "swiss (blitz)"]
[EventRounds "11"]
[EventCountry "USA"]
[SourceTitle "EXT 2025"]
[Source "ChessBase"]
[SourceDate "2024.10.14"]
[SourceVersion "1"]
[SourceVersionDate "2024.10.14"]
[SourceQuality "1"]

1. d4 g6 2. e4 Bg7 3. Nf3 d6 4. Bc4 e6 5. 0-0 Ne7 6. Re1 d5 7. Bd3 0-0 8. e5 c5 9. c3 b6 10. Bg5 h6 11. Bf4 Ba6 12. Bc2 Nbc6 13. Qd2 Kh7 14. h4 Nf5 15. h5 Rc8 16. Na3 cxd4 17. cxd4 Na5 18. Rac1 Qe7 19. g3 Rc7 20. Kg2 Rg8 21. hxg6+ fxg6 22. Rh1 Rxc2 23. Rxc2 Rf8 24. g4 Nc4 25. Nxc4 dxc4 26. gxf5 Rxf5 27. Bxh6 Kg8 28. Bxg7 Qxg7 29. Qh6 Bb7 30. Rc3 b5 31. Kg3 b4 32. Re3 g5 33. Rh5 1-0

[Event "Kiev All Ukranian 2nd"]
[Site "Kiev"]
[Date "2024.06.30"]
[Round "9"]
[White "Laptii, Nazar"]
[Black "Grinev, Valeriy"]
[Result "1-0"]
[WhiteElo "2283"]
[BlackElo "2422"]
[PlyCount "91"]
[EventDate "2024.06.30"]
[EventType "swiss (rapid)"]
[EventRounds "9"]
[EventCountry "UKR"]
[SourceTitle "CBM 220 Extra"]
[Source "ChessBase"]
[SourceDate "2024.07.31"]
[SourceVersion "1"]
[SourceVersionDate "2024.07.31"]
[SourceQuality "1"]

1. e4 c5 2. Nf3 e6 3. d3 d5 4. Nbd2 Nc6 5. g3 Nf6 6. Bg2 Be7 7. 0-0 0-0 8. Re1 b5 9. e5 Nd7 10. Nf1 Qc7 11. Bf4 Bb7 12. h4 Rfc8 13. h5 h6 14. Qd2 Qd8 15. g4 Nd4 16. Nxd4 cxd4 17. Nh2 a5 18. Re2 Nb8 19. Nf3 Nc6 20. a3 b4 21. g5 hxg5 22. Bxg5 bxa3 23. bxa3 Ra6 24. Qf4 Rc7 25. Bh3 Bc8 26. Bxe7 Qxe7 27. Kh2 Kf8 28. Rg1 Nd8 29. Ng5 Qxa3 30. Nh7+ Ke7 31. Rxg7 Kd7 32. Rg8 Nb7 33. Nf6+ Kc6 34. h6 Kb5 35. h7 Rac6 36. h8Q a4 37. Nxd5 exd5 38. Rxc8 Qc3 39. Qe8 Kb6 40. Rxc7 Kxc7 41. Qfxf7+ Kb6 42. Qed7 Na5 43. Qa7+ Kb5 44. Qxd5+ Rc5 45. Qb8+ Ka6 46. Qda8# 1-0

[Event "Kiev All Ukranian 2nd"]
[Site "Kiev"]
[Date "2024.06.30"]
[Round "6"]
[White "Laptii, Nazar"]
[Black "Ivanytska, Liudmyla"]
[Result "1-0"]
[WhiteElo "2283"]
[BlackElo "1993"]
[PlyCount "148"]
[EventDate "2024.06.30"]
[EventType "swiss (rapid)"]
[EventRounds "9"]
[EventCountry "UKR"]
[SourceTitle "CBM 220 Extra"]
[Source "ChessBase"]
[SourceDate "2024.07.31"]
[SourceVersion "1"]
[SourceVersionDate "2024.07.31"]
[SourceQuality "1"]

1. e4 d5 2. exd5 Qxd5 3. Nc3 Qa5 4. g3 c6 5. Bg2 Nf6 6. Nge2 e6 7. 0-0 Be7 8. d3 0-0 9. h3 b5 10. g4 Bb7 11. Ng3 Nbd7 12. g5 Nd5 13. Nce4 Qc7 14. f4 Nc5 15. f5 Nxe4 16. Nxe4 exf5 17. Rxf5 Bc8 18. Rf2 f5 19. gxf6 Nxf6 20. Bf4 Qb6 21. d4 Bxh3 22. Bxh3 Nxe4 23. Be6+ Kh8 24. Rh2 Ng5 25. Bxg5 Bxg5 26. Qd3 Bh6 27. Re1 Rf4 28. c3 Raf8 29. Bh3 Qd8 30. Bg2 Qg5 31. Rh3 Rf2 32. Rg3 Qh4 33. Rf1 Rxf1+ 34. Bxf1 Qf4 35. Bg2 Qc1+ 36. Bf1 Qxb2 37. Rf3 Re8 38. Qf5 Qxa2 39. Bd3 g6 40. Qf6+ Bg7 41. Qf7 Re1+ 42. Bf1 Qxf7 43. Rxf7 Ra1 44. Rc7 h6 45. Rxc6 b4 46. cxb4 Bxd4+ 47. Kg2 Ra2+ 48. Kg3 Kh7 49. Bc4 Ra3+ 50. Kf4 Be3+ 51. Ke4 h5 52. Bd3 Bd2 53. Kd4 Bxb4 54. Bxg6+ Kh6 55. Be4+ Kg5 56. Kc4 Be1 57. Rg6+ Kf4 58. Bd5 Rc3+ 59. Kd4 Ra3 60. Rf6+ Kg5 61. Rf8 Bc3+ 62. Kc4 Bd2 63. Bf3 h4 64. Bd5 h3 65. Rh8 Bf4 66. Kc5 h2 67. Kb5 Kg4 68. Kc6 Kg3 69. Rg8+ Kf2 70. Rf8 Ke3 71. Re8+ Kd3 72. Rh8 Ra1 73. Rh4 Be5 74. Rh5 Bf4 1-0

[Event "Kiev All Ukranian 2nd"]
[Site "Kiev"]
[Date "2024.06.30"]
[Round "3"]
[White "Yeshchenko, Uliana"]
[Black "Laptii, Nazar"]
[Result "1/2-1/2"]
[WhiteElo "2073"]
[BlackElo "2283"]
[PlyCount "97"]
[EventDate "2024.06.30"]
[EventType "swiss (rapid)"]
[EventRounds "9"]
[EventCountry "UKR"]
[SourceTitle "CBM 220 Extra"]
[Source "ChessBase"]
[SourceDate "2024.07.31"]
[SourceVersion "1"]
[SourceVersionDate "2024.07.31"]
[SourceQuality "1"]

1. e4 Nf6 2. d3 d5 3. Nd2 dxe4 4. dxe4 e5 5. Ngf3 Bg4 6. Bc4 Nc6 7. c3 Bd6 8. 0-0 0-0 9. a4 a5 10. h3 Bd7 11. Re1 Ne7 12. Nh4 Qc8 13. Nf1 Ng6 14. Nxg6 hxg6 15. Ng3 Bc5 16. Qf3 c6 17. Bg5 Ne8 18. Rad1 Nc7 19. Be3 Bxe3 20. Qxe3 b5 21. Bb3 Be6 22. Bxe6 Nxe6 23. axb5 cxb5 24. Rd5 Qc4 25. Rxe5 Rfd8 26. Qe2 Nf4 27. Qxc4 bxc4 28. Ra1 a4 29. Rb5 Rd2 30. Nf1 Re2 31. Ne3 Nd3 32. Nxc4 Nxf2 33. e5 Nd3 34. Rf1 Rc8 35. Nd6 Rc7 36. Rb8+ Kh7 37. Nxf7 g5 38. Nxg5+ Kg6 39. Nf3 Nf4 40. Rf2 Re3 41. Nh4+ Kg5 42. Nf3+ Kg6 43. Rf8 Nd3 44. Rf1 Nxb2 45. Rf4 Rcxc3 46. Rb1 Nc4 47. Rb4 Nxe5 48. Nxe5+ Rxe5 49. Rxa4 1/2-1/2

[Event "Titled Tuesday intern op 18th Jul Early"]
[Site "Chess.com INT"]
[Date "2023.07.18"]
[Round "5"]
[White "Girya, Olga"]
[Black "Laptii, Nazar"]
[Result "0-1"]
[WhiteElo "2402"]
[BlackElo "2278"]
[PlyCount "70"]
[EventDate "2023.07.18"]
[EventType "swiss (blitz)"]
[EventRounds "11"]
[EventCountry "USA"]
[SourceTitle "EXT 2024"]
[Source "ChessBase"]
[SourceDate "2023.10.10"]
[SourceVersion "1"]
[SourceVersionDate "2023.10.10"]
[SourceQuality "1"]

1. d4 d5 2. Nf3 Nf6 3. c4 e6 4. Nc3 c6 5. e3 Nbd7 6. Qc2 Bd6 7. b3 e5 8. cxd5 cxd5 9. Nb5 Bb4+ 10. Bd2 Bxd2+ 11. Nxd2 0-0 12. Qc7 exd4 13. Qxd8 Rxd8 14. Nxd4 Ne5 15. Be2 Bg4 16. Bxg4 Nfxg4 17. Ke2 Rac8 18. Rac1 a6 19. N2f3 Nxf3 20. gxf3 Nf6 21. Rhd1 g6 22. b4 Kf8 23. Nb3 b6 24. Nd4 Ke8 25. a4 Kd7 26. Kd3 Ng8 27. f4 Ne7 28. b5 axb5 29. axb5 Rxc1 30. Rxc1 Ra8 31. Rc3 Ra2 32. Ne2 Nf5 33. Rb3 Nd6 34. h3 Ne4 35. Ng3 Nc5+ 0-1

[Event "Kiev Spring op"]
[Site "Kiev"]
[Date "2023.03.28"]
[Round "5"]
[White "Laptii, Nazar"]
[Black "Skliarov, Viktor"]
[Result "0-1"]
[WhiteElo "2278"]
[BlackElo "2384"]
[PlyCount "112"]
[EventDate "2023.03.25"]
[EventType "swiss"]
[EventRounds "9"]
[EventCountry "UKR"]
[SourceTitle "EXT 2024"]
[Source "ChessBase"]
[SourceDate "2023.10.10"]
[SourceVersion "1"]
[SourceVersionDate "2023.10.10"]
[SourceQuality "1"]

1. d4 Nf6 2. c4 e5 3. dxe5 Ng4 4. e4 Nxe5 5. f4 Nec6 6. Nf3 Bc5 7. Nc3 0-0 8. Na4 Bb4+ 9. Kf2 d6 10. a3 Bc5+ 11. Nxc5 dxc5 12. Qxd8 Rxd8 13. Be3 Nd7 14. e5 b6 15. Be2 Nf8 16. Rhd1 Bf5 17. h3 Ne6 18. g4 Be4 19. Nd2 Bc2 20. Bf3 Bxd1 21. Bxc6 Bc2 22. Rc1 Rxd2+ 23. Bxd2 Rd8 24. Be3 Bb3 25. Rc3 Ba2 26. Be4 Nd4 27. Bd3 a5 28. a4 Nc6 29. Be4 Nd4 30. Bd3 Nc6 31. Ke2 g5 32. Kf3 gxf4 33. Kxf4 Re8 34. Bc2 Nxe5 35. b3 Nc6 36. Be4 Nd4 37. Bxd4 cxd4 38. Rf3 c5 39. g5 Kg7 40. h4 h6 41. Rg3 hxg5+ 42. Rxg5+ Kh6 43. Rg3 d3 44. Rxd3 Rxe4+ 45. Kxe4 Bb1 46. Ke3 Bxd3 47. Kxd3 Kh5 48. Ke4 Kxh4 49. Kf5 Kg3 50. Kf6 Kf4 51. Kxf7 Ke5 52. Ke7 Kd4 53. Kd6 Kc3 54. Kc6 Kxb3 55. Kb5 Ka3 56. Kxb6 Kb4 0-1

[Event "Kiev Shystariov Rapid"]
[Site "Kiev"]
[Date "2022.08.27"]
[Round "5"]
[White "Kislinsky, Alexey"]
[Black "Laptii, Nazar"]
[Result "1-0"]
[WhiteElo "2364"]
[BlackElo "2278"]
[PlyCount "109"]
[EventDate "2022.08.27"]
[EventType "swiss (rapid)"]
[EventRounds "9"]
[EventCountry "UKR"]
[SourceTitle "CBM 209 Extra"]
[Source "ChessBase"]
[SourceDate "2022.09.30"]
[SourceVersion "1"]
[SourceVersionDate "2022.09.30"]
[SourceQuality "1"]

1. e4 e6 2. d4 d5 3. Nd2 c5 4. c3 Nc6 5. Ngf3 cxd4 6. cxd4 dxe4 7. Nxe4 Nf6 8. Nxf6+ Qxf6 9. a3 Qg6 10. Bd3 Qh5 11. Bf4 Be7 12. Rc1 Qa5+ 13. Bd2 Qd8 14. 0-0 0-0 15. Be3 Bf6 16. Qc2 g6 17. Bh6 Re8 18. Rfd1 Bd7 19. Be4 Rc8 20. Qd2 Qa5 21. Qf4 Bh8 22. Ng5 f5 23. Bxc6 Bxc6 24. h4 Qd5 25. Nf3 Rcd8 26. Qg5 Qd7 27. Ne5 Qe7 28. Qxe7 Rxe7 29. Nxc6 bxc6 30. Bg5 Kf7 31. Bxe7 Kxe7 32. Rxc6 Bxd4 33. Kf1 Rd7 34. b4 e5 35. b5 f4 36. a4 Rb7 37. Ke2 Rd7 38. f3 Kf7 39. Kd3 Bf2+ 40. Kc2 Rb7 41. Rd5 Bd4 42. Kd3 Ba1 43. a5 Bd4 44. Kc4 Ke7 45. a6 Rd7 46. Rxd7+ Kxd7 47. h5 gxh5 48. Rh6 Kc7 49. Rxh7+ Kb6 50. Rh6+ Ka5 51. Rxh5 Kb6 52. Rh7 Ka5 53. Rb7 Bb6 54. Rb8 Bc7 55. Re8 1-0

[Event "Kiev Shystariov Rapid"]
[Site "Kiev"]
[Date "2022.08.27"]
[Round "2"]
[White "Laptii, Nazar"]
[Black "Andreev, Eduard"]
[Result "1-0"]
[WhiteElo "2278"]
[BlackElo "2413"]
[PlyCount "60"]
[EventDate "2022.08.27"]
[EventType "swiss (rapid)"]
[EventRounds "9"]
[EventCountry "UKR"]
[SourceTitle "CBM 209 Extra"]
[Source "ChessBase"]
[SourceDate "2022.09.30"]
[SourceVersion "1"]
[SourceVersionDate "2022.09.30"]
[SourceQuality "1"]

1. e4 c5 2. Nf3 d6 3. d4 cxd4 4. Nxd4 Nf6 5. Nc3 Nc6 6. Bg5 e6 7. Qd3 a6 8. 0-0-0 Bd7 9. Qg3 h6 10. Be3 Qc7 11. f4 0-0-0 12. Be2 e5 13. Nxc6 Bxc6 14. fxe5 dxe5 15. Rxd8+ Qxd8 16. Rd1 Qc7 17. Nd5 Bxd5 18. exd5 Kb8 19. d6 Bxd6 20. Qxg7 Rc8 21. c4 Ne4 22. Qh7 Nc5 23. Rf1 Qa5 24. Kb1 Na4 25. Qd3 Qb4 26. Qb3 Rc7 27. Qxb4 Bxb4 28. Bd1 Nc5 29. a3 Na4 30. Bxh6 Bc5 1-0

[Event "Bucharest Super Rapid op"]
[Site "Bucharest"]
[Date "2022.05.01"]
[Round "5"]
[White "Gavrilescu, David"]
[Black "Laptii, Nazar"]
[Result "1-0"]
[WhiteElo "2511"]
[BlackElo "2180"]
[PlyCount "45"]
[EventDate "2022.04.30"]
[EventType "swiss (rapid)"]
[EventRounds "10"]
[EventCountry "ROU"]
[SourceTitle "CBM 208 Extra"]
[Source "ChessBase"]
[SourceDate "2022.07.31"]
[SourceVersion "1"]
[SourceVersionDate "2022.07.31"]
[SourceQuality "1"]

1. e4 e6 2. d4 d5 3. e5 c5 4. c3 Qb6 5. Nf3 Nc6 6. Bd3 cxd4 7. 0-0 Bd7 8. Re1 Rc8 9. Nbd2 dxc3 10. bxc3 Na5 11. Rb1 Qc7 12. c4 dxc4 13. Bc2 Ne7 14. Ng5 h6 15. Nde4 Nd5 16. Qh5 g6 17. Nd6+ Bxd6 18. Bxg6 Bxe5 19. Nxf7 Bxh2+ 20. Kh1 Nf6 21. Nxh8+ Ke7 22. Qxh6 Rg8 23. Bg5 1-0

[Event "EU-ch 22nd"]
[Site "Terme Catez"]
[Date "2022.03.31"]
[Round "5"]
[White "Ragger, Markus"]
[Black "Laptii, Nazar"]
[Result "1-0"]
[WhiteElo "2647"]
[BlackElo "2180"]
[PlyCount "89"]
[EventDate "2022.03.27"]
[EventType "swiss"]
[EventRounds "11"]
[EventCountry "SLO"]
[SourceTitle "CBM 208"]
[Source "ChessBase"]
[SourceDate "2022.06.30"]
[SourceVersion "1"]
[SourceVersionDate "2022.06.30"]
[SourceQuality "1"]

1. e4 c5 2. Nf3 d6 3. d4 cxd4 4. Nxd4 Nf6 5. Nc3 a6 6. Be3 e5 7. Nf3 Be7 8. Bc4 0-0 9. 0-0 Be6 10. Bb3 h6 11. Nh4 Nxe4 12. Nxe4 Bxh4 13. Bxe6 fxe6 14. Nxd6 Be7 15. Nc4 Qxd1 16. Raxd1 Nc6 17. Rd7 b5 18. Nxe5 Nxe5 19. Rxe7 Rfe8 20. Rxe8+ Rxe8 21. Rd1 Rc8 22. c3 Nc4 23. Bc1 Rc7 24. Kf1 Kf7 25. Rd8 Rb7 26. Ra8 Rb6 27. Ke2 Rc6 28. b3 Nd6 29. Kd3 e5 30. Ba3 Nc8 31. Rb8 g6 32. Rb7+ Ke6 33. g4 Nb6 34. Bc1 Nd5 35. Bd2 Nf6 36. Rg7 g5 37. Rg6 e4+ 38. Ke2 Kf7 39. Rxh6 Rc5 40. Be3 Rd5 41. Bd4 Nxg4 42. Rxa6 b4 43. h3 bxc3 44. Bxc3 Nh2 45. Ra4 1-0

[Event "UKR-ch Rapid"]
[Site "Omelnyk"]
[Date "2021.10.02"]
[Round "9"]
[White "Laptii, Nazar"]
[Black "Raspopov, Sergey"]
[Result "0-1"]
[WhiteElo "2189"]
[BlackElo "2122"]
[PlyCount "100"]
[EventDate "2021.10.01"]
[EventType "swiss (rapid)"]
[EventRounds "9"]
[EventCountry "UKR"]
[SourceTitle "CBM 204 Extra"]
[Source "ChessBase"]
[SourceDate "2021.11.30"]
[SourceVersion "1"]
[SourceVersionDate "2021.11.30"]
[SourceQuality "1"]

1. e4 c6 2. d4 d5 3. e5 Bf5 4. h4 h5 5. Bd3 Bxd3 6. Qxd3 Qa5+ 7. Nd2 e6 8. c4 Ne7 9. b3 c5 10. Ngf3 Nbc6 11. dxc5 dxc4 12. bxc4 Ng6 13. 0-0 Rd8 14. Qe4 Qc7 15. Bb2 Bxc5 16. Nb3 Be7 17. Rfd1 0-0 18. g3 b6 19. Qe2 a5 20. Nbd2 a4 21. Rab1 Rd7 22. Re1 Rfd8 23. Ne4 Ncxe5 24. Nxe5 Nxe5 25. Qxh5 Nd3 26. Bxg7 Kxg7 27. Qg4+ Kf8 28. Re3 f5 29. Qg6 fxe4 30. Qh6+ Kf7 31. Qh7+ Kf8 32. Qh6+ Kf7 33. Qh7+ Ke8 34. Qg6+ Kf8 35. Qh6+ Kf7 36. Qh7+ Kf6 37. Qh6+ Ke5 38. f4+ Kd6 39. Rxe4 Qc5+ 40. Kh2 Kc7 41. Rxe6 Bd6 42. Rf1 Qxc4 43. Qg6 Nc5 44. Ree1 Qxa2+ 45. Kh3 Rg8 46. Qf5 Qb3 47. Rg1 Rf7 48. Qh5 Bxf4 49. Ref1 Rxg3+ 50. Kh2 Rxg1+ 0-1

[Event "Kiev Spring Rapid op"]
[Site "Kiev"]
[Date "2021.07.16"]
[Round "2"]
[White "Omelja, Artem"]
[Black "Laptii, Nazar"]
[Result "1-0"]
[WhiteElo "2499"]
[BlackElo "2107"]
[PlyCount "93"]
[EventDate "2021.07.16"]
[EventType "swiss (rapid)"]
[EventRounds "7"]
[EventCountry "UKR"]
[SourceTitle "CBM 203 Extra"]
[Source "ChessBase"]
[SourceDate "2021.09.30"]
[SourceVersion "1"]
[SourceVersionDate "2021.09.30"]
[SourceQuality "1"]

1. d4 g6 2. c4 Bg7 3. e4 d6 4. Nc3 e5 5. Nge2 Nc6 6. Be3 Nh6 7. f3 f5 8. d5 Ne7 9. h3 f4 10. Bf2 c5 11. dxc6 bxc6 12. Qa4 0-0 13. 0-0-0 Nf7 14. Kb1 Be6 15. Nc1 g5 16. Nb3 Qc7 17. Qa5 Qb8 18. Rd2 a6 19. Be2 c5 20. Nd5 Nc6 21. Qa4 Bxd5 22. cxd5 Nd4 23. Na5 Bf6 24. Nc6 Qc7 25. Rc1 Qd7 26. Rc3 Rfb8 27. Ra3 Rb6 28. Bc4 h5 29. Qd1 Kg7 30. Ra4 Nd8 31. a3 Nb7 32. Rd3 Nd8 33. Be1 Nb7 34. Ka2 Kh6 35. Bc3 Kg7 36. b4 Qe8 37. Be1 Kh6 38. Rd2 Kg7 39. Rb2 Kh6 40. Qd3 Kg7 41. Rxa6 Raxa6 42. Bxa6 Qa8 43. b5 Nd8 44. Ba5 Rxa6 45. bxa6 N8xc6 46. dxc6 Qxc6 47. Qc4 1-0

[Event "Kiev Spring op"]
[Site "Kiev"]
[Date "2021.07.12"]
[Round "4"]
[White "Laptii, Nazar"]
[Black "Toktomushev, Teimur"]
[Result "1-0"]
[WhiteElo "2107"]
[BlackElo "1903"]
[PlyCount "169"]
[EventDate "2021.07.10"]
[EventType "swiss"]
[EventRounds "9"]
[EventCountry "UKR"]
[SourceTitle "EXT 2024"]
[Source "ChessBase"]
[SourceDate "2023.10.10"]
[SourceVersion "1"]
[SourceVersionDate "2023.10.10"]
[SourceQuality "1"]

1. e4 c5 2. Nf3 e6 3. g3 Nf6 4. d3 Nc6 5. Bg2 d5 6. Qe2 Be7 7. 0-0 0-0 8. e5 Nd7 9. c4 Re8 10. Nc3 Nd4 11. Nxd4 cxd4 12. cxd5 dxc3 13. d6 cxb2 14. Bxb2 Bf8 15. f4 Bxd6 16. exd6 Qb6+ 17. Kh1 Qxd6 18. Rfc1 Rb8 19. a4 b6 20. Rc6 Qf8 21. Rc7 Nc5 22. d4 Ba6 23. Qc2 Qd6 24. Rxa7 Nd3 25. Rxa6 Nb4 26. Qe2 Nxa6 27. Qxa6 Qb4 28. Qe2 Rbc8 29. Be4 Qb3 30. Bd3 Rc7 31. f5 Rec8 32. fxe6 fxe6 33. Rf1 Re7 34. Kg1 Qd5 35. Qe3 Rd8 36. Ba3 Red7 37. Bb2 Re7 38. Bc2 Rde8 39. Bb3 Qc6 40. Qf4 h6 41. Ba3 Ra7 42. Qe3 Rb7 43. d5 exd5 44. Bxd5+ Qxd5 45. Qxe8+ Kh7 46. Qe3 Rc7 47. Qf4 Rc4 48. Qf5+ Qxf5 49. Rxf5 Rxa4 50. Rf3 b5 51. Rb3 Kg6 52. Bb2 b4 53. Kf2 Kf7 54. h4 Kg6 55. Kg2 Kf7 56. Bd4 Ra2+ 57. Kh3 Ra4 58. Bc5 Ra5 59. Bxb4 Ra7 60. Rf3+ Kg6 61. Bd6 Rd7 62. Be5 Re7 63. Bc3 Rb7 64. Re3 Rc7 65. Kg4 Rc4+ 66. Kf3 Rc7 67. Be5 Re7 68. Bf4 Rb7 69. Rc3 Rb5 70. Rc6+ Kf7 71. Kg4 Ra5 72. Rc4 h5+ 73. Kf3 g6 74. Rc7+ Ke6 75. Rc6+ Kf7 76. Rd6 Ra3+ 77. Ke4 Ra4+ 78. Rd4 Ra5 79. Be5 Ra6 80. Rd7+ Kf8 81. Kd5 Rb6 82. Rd6 Rb5+ 83. Ke6 Rb8 84. Kf6 Re8 85. Bf4 1-0

[Event "Mariupol CC 50th Aniversary"]
[Site "Mariupol"]
[Date "2021.06.11"]
[Round "5"]
[White "Laptii, Nazar"]
[Black "Gumeniuk, Yevgen"]
[Result "1-0"]
[WhiteElo "2203"]
[BlackElo "1980"]
[PlyCount "83"]
[EventDate "2021.06.08"]
[EventType "swiss"]
[EventRounds "9"]
[EventCountry "UKR"]
[SourceTitle "EXT 2023"]
[Source "ChessBase"]
[SourceDate "2022.10.05"]
[SourceVersion "1"]
[SourceVersionDate "2022.10.05"]
[SourceQuality "1"]

1. e4 c5 2. Nf3 Nc6 3. Bb5 Nf6 4. Nc3 Qc7 5. 0-0 Nd4 6. Re1 e6 7. e5 Nxb5 8. Nxb5 Qc6 9. c4 a6 10. Nc3 Ng8 11. d4 cxd4 12. Nxd4 Qc7 13. Bf4 Bb4 14. Rc1 Ne7 15. Qf3 Ng6 16. Bg3 h5 17. h3 h4 18. Bh2 Rb8 19. Nd5 Qa5 20. Nb3 Qa4 21. Nxb4 Qxb4 22. a3 Qe7 23. c5 0-0 24. Qe3 Qd8 25. Red1 Qc7 26. Rd6 Ne7 27. Nd4 Qa5 28. Qg5 Ng6 29. Bf4 b6 30. Bd2 Qa4 31. Bb4 bxc5 32. b3 Qxb4 33. axb4 cxd4 34. Rxd4 Bb7 35. Rxd7 Be4 36. Rd4 Bf5 37. Qe3 Ne7 38. Rxh4 Nd5 39. Qc5 Rb5 40. Rh8+ Kxh8 41. Qxf8+ Kh7 42. Qxf7 1-0

[Event "UKR-chT"]
[Site "Lvov"]
[Date "2021.05.10"]
[Round "5.2"]
[White "Terletsky, Oleg"]
[Black "Laptii, Nazar"]
[Result "0-1"]
[WhiteElo "2203"]
[BlackElo "2110"]
[PlyCount "63"]
[EventDate "2021.05.06"]
[EventType "team-tourn"]
[EventRounds "7"]
[EventCountry "UKR"]
[SourceTitle "EXT 2022"]
[Source "ChessBase"]
[SourceDate "2021.10.06"]
[SourceVersion "1"]
[SourceVersionDate "2021.10.06"]
[SourceQuality "1"]
[WhiteTeam "Lvov Chess School Debiut"]
[BlackTeam "Chernivtsi Zubr"]
[WhiteTeamCountry "UKR"]
[BlackTeamCountry "UKR"]

1. e4 c5 2. Nf3 d6 3. Nc3 Nf6 4. g3 Nc6 5. Bg2 g6 6. 0-0 Bg7 7. d3 0-0 8. h3 Nd7 9. Bg5 h6 10. Be3 Nd4 11. Qd2 Kh7 12. Nh2 e6 13. f4 f5 14. g4 Rb8 15. Nd1 Nc6 16. c3 Nf6 17. Nf2 Bd7 18. Nf3 b6 19. Rae1 Qc7 20. Re2 b5 21. Rfe1 Rbe8 22. Qc2 Qc8 23. d4 cxd4 24. Nxd4 Nxd4 25. cxd4 Qb8 26. d5 exd5 27. gxf5 gxf5 28. exd5 Nh5 29. Bd2 Rxe2 30. Rxe2 Qd8 31. Qd3 Bxb2 32. Bb4 0-1